[Event "Fyrlandskampen 1999"]
[Site "?"]
[Date "????.??.??"]
[Round "3.20"]
[White "Tallaksen, Geir S."]
[Black "Nielsen, Simon S."]
[Result "1-0"]
[WhiteElo "1878"]
[BlackElo "2033"]
[PlyCount "75"]

1. d4 Nf6 2. c4 g6 3. Nc3 Bg7 4. e4 d6 5. Nf3 O-O 6. Be2 e5 7. O-O Nc6 8. d5
Ne7 9. Ne1 Ne8 10. Nd3 f5 11. Bd2 Nf6 12. f3 f4 13. g4 g5 14. Be1 h5 15. h3
hxg4 16. hxg4 Kf7 17. Kg2 Rh8 18. Bf2 Ng6 19. Rh1 c5 20. a3 Rxh1 21. Qxh1 Bd7
22. b4 b6 23. Rb1 Qc8 24. bxc5 bxc5 25. Nb5 Ne8 26. Bd1 Bf6 27. Ba4 Nf8 28.
Qh5+ Ke7 29. Nc3 Nc7 30. Nxc5 Bxa4 31. N5xa4 Na6 32. c5 dxc5 33. d6+ Ke6 34.
Nd5 Nd7 35. Qg6 Qd8 36. Qf5+ Kf7 37. Rb7 Ke8 38. Qe6+ 1-0